Ensayos de derecho administrativo

Bibliographic Details
Main Author: Botassi, Carlos
Format: Unknown
Language:Spanish
Published: La Plata : Editora Platense, 2006
Subjects:
Online Access:Acceso restringido

MARC

LEADER 00000ny a22000003n 4500
005 20110520144242.0
008 080807s2006 ag s 000 0 spa d
020 |a 9505361874 
035 |a 2207 
040 |a UMA.RE  |d vLex 
080 |a 349.2(82)(0.034) 
090 |c 126  |d 126 
100 1 |a Botassi, Carlos 
245 1 0 |a Ensayos de derecho administrativo  |h [Recurso electrn̤ico]  |c Carlos Botassi 
256 |a Servicio en ln̕ea 
260 |a La Plata :  |b Editora Platense,  |c 2006 
506 1 |a Contenido solo disponible en los productos indicados  |d vLex Global  |d vLex Global (Academic Edition, excluding Law Schools)  |d vLex Global (U.S. Academic Edition, Law Schools)  |d vLex Global (U.S. Academic Edition, excluding Law Schools)  |d vLex Global (Academic Edition, Law Schools) 
650 0 4 |a Derecho administrativo  |b Espaą 
700 1 |a Botassi, Carlos 
740 0 |a vLex Libros (Servicios en ln̕ea) 
856 4 0 |u http://vlex.com/source/2207  |z Acceso restringido 
942 |c BOOK 
999 0 |a Administrative law  |b Spain